| 000 | 01313nam a22002777a 4500 | ||
|---|---|---|---|
| 003 | AR-RoUNCS | ||
| 005 | 20260306082024.0 | ||
| 007 | ta | ||
| 008 | 160919s2011 ag jr 001 f spa | ||
| 015 | _aAR-2011 | ||
| 020 | _a978-987-642-111-9 | ||
| 040 |
_aAR-BaBN _bspa _cAR-RoUNCS _eaacr |
||
| 044 |
_aag _car-c |
||
| 080 | 1 |
_a82-32(72) _22016 |
|
| 100 | 1 |
_aGarcía Esperón, María, _d1964- _eautora _4aut |
|
| 245 | 1 | 0 |
_aMi abuelo Moctezuma / _cMaría García Esperón. |
| 250 | _a1a ed. | ||
| 260 |
_aBuenos Aires : _bEdelvives, _c2011. |
||
| 300 |
_a148 p. ; _c22 cm. |
||
| 490 | 0 |
_aColección Alandar _v14 |
|
| 520 | 3 |
_aIsabel vive en la ciudad de México, está en 3º de Secundaria y no sabe qué es lo bueno de tener catorce años. Pero el día que el profesor de español encarga como trabajo escolar que cada alumno haga su propio árbol genealógico y revela ante sus compañeros que desciende del emperador azteca Moctezuma, es cuando empiezan sus verdaderos problemas. Todos se burlan de ella, excepto Francisco Corta, un chico español que resulta estar muy interesado en encontrar, ¡el códice perdido del emperador Moctezuma! _c(Descripción del editor). |
|
| 650 | 7 |
_2Literatura mexicana _aembne |
|
| 655 | 7 |
_aNovelas juveniles _2embne |
|
| 655 | 7 |
_aNovelas cortas _2embne |
|
| 942 |
_2udc _cOG _n0 |
||
| 999 |
_c937 _d937 |
||